Damso-Coeur en miettes - Statistiques

Statistiques générales
  • Ce quiz a été pris 132 fois
  • Le résultat moyen est 188 sur 319
Statistiques - réponses
Réponse % Correct
c
100%
en
100%
le
100%
coeur
99%
me
99%
miettes
99%
je
98%
à
97%
la
97%
dois
95%
l'admettre
93%
tête
92%
de
91%
mes
90%
échecs
89%
plus
88%
mon
87%
que
85%
j'ai
84%
se
80%
montent
76%
contraintes
75%
les
75%
j'n'ai
75%
les
75%
pas
74%
pour
73%
qu'à
72%
et
71%
ne
71%
réussi
71%
dette
70%
reste
70%
ta
69%
sur
67%
tout
67%
du
65%
par
65%
vie
65%
moi
64%
c'qui
63%
sont
63%
secondes
62%
gamos
61%
j'achète
61%
être
60%
fait
60%
on
60%
quatre
60%
un
60%
mettre
59%
n'a
59%
souvenirs
59%
arrête
58%
he
58%
t'es
58%
c'est
57%
est
57%
seul
57%
au
56%
des
56%
schneck
56%
va
56%
elle
55%
négro
55%
qui
55%
rien
54%
non
54%
rien
54%
peur
53%
is
52%
quand
52%
rêve
52%
c'qu'il
51%
d'quête
51%
mal
51%
cent
50%
force
50%
bon
49%
oh
49%
sang
49%
croire
48%
triste
48%
tu
48%
bien
47%
mètres
47%
dit
46%
moins
46%
viens
46%
gros
45%
l'bitume
45%
ça
44%
crois
44%
lonely
44%
mauvais
44%
moments
44%
c'que
43%
n'compte
43%
surtout
43%
sommet
42%
durs
41%
fils
41%
remplie
41%
siestes
41%
trop
41%
l'nombre
40%
parle
40%
donc
39%
j'm'en
39%
parce
39%
passé
39%
putes
39%
bref
38%
hess
38%
l'amour
38%
même
38%
m'parler
38%
n'va
38%
pourquoi
38%
suis
38%
dis-moi
37%
pleurs
37%
répondant
37%
étaient
36%
j'dormais
36%
laisse
36%
lèpre
36%
sexe
36%
une
36%
courbatures
35%
pec'
35%
sanglants
35%
corona
34%
dire
34%
d'ta
34%
gueule
34%
j'te
34%
mains
34%
vide
34%
aussi
33%
join
33%
mec
33%
ouvres
33%
cellule
32%
encombrante
32%
faire
32%
femmes
32%
j'aime
32%
l'air
32%
épreuves
31%
juste
31%
sans
31%
bats
30%
blessures
30%
dems
30%
geste
30%
l'Afrique
30%
lésions
30%
oublie
30%
roule
30%
souvent
30%
tombant
30%
cigarette
29%
courant
29%
qu'elles
29%
cesse
28%
dans
28%
nan
28%
parti
28%
terminent
28%
attirées
27%
d'mal-être
27%
d'renaître
27%
aux
26%
bagarre
26%
lèches
26%
me-sper
26%
toujours
26%
amour
25%
chiennes
25%
guests
22%
rudes
22%
tresses
22%
déf'
19%
pur
18%
textes
17%
entendre
16%
per's
15%
étant
11%
Aucun quiz correspondant
Distribution des résultats
% des personnes avec chaque résultat
Percentile par nombre de réponses
Votre historique - résultats
Vous n’avez pas pris ce quiz